[Event "Paul Keres mem (30th)"]
[Site "Vancouver CAN"]
[Date "2005.05.22"]
[Round "4.7"]
[White "Hughey, Micah"]
[Black "Burke, Paul"]
[Result "1/2-1/2"]
[WhiteElo "2057"]
[BlackElo "1991"]
[PlyCount "39"]
[GameId "2160767910968276"]
[EventDate "2005.05.20"]
[EventType "swiss"]
[EventRounds "7"]
[EventCountry "CAN"]

1. e4 c5 2. Nf3 Nc6 3. c3 e6 4. d4 cxd4 5. cxd4 Nf6 6. Nc3 Bb4 7. Bd3 d5 8. exd5 Nxd5 9. Bd2 Nce7 10. a3 Ba5 11. Be3 Bb6 12. O-O Bd7 13. Re1 O-O 14. Bxh7+ Kxh7 15. Ng5+ Kg6 16. h4 Rh8 17. h5+ Rxh5 18. Nxf7 Kxf7 19. Qxh5+ Kg8 20. Rad1 1/2-1/2

[Event "Paul Keres mem (30th)"]
[Site "Vancouver CAN"]
[Date "2005.05.22"]
[Round "4.8"]
[White "Long, Hugh"]
[Black "Niksic, John"]
[Result "0-1"]
[WhiteElo "1761"]
[BlackElo "2059"]
[PlyCount "86"]
[GameId "2160767910968277"]
[EventDate "2005.05.20"]
[EventType "swiss"]
[EventRounds "7"]
[EventCountry "CAN"]

1. e4 e6 2. d4 d5 3. Nd2 Nf6 4. e5 Nfd7 5. f4 c5 6. c3 Nc6 7. Ngf3 a5 8. a4 b6 9. Bb5 Qc7 10. O-O g6 11. Rf2 Ba6 12. Bxa6 Rxa6 13. Nf1 Be7 14. g4 h5 15. gxh5 Rxh5 16. Ng3 Rh8 17. Ng5 Ra8 18. Be3 Rc8 19. Qg4 Nf8 20. Rc1 Qd7 21. Ne2 Bxg5 22. fxg5 Ne7 23. b3 Nf5 24. Qf3 c4 25. bxc4 Rxc4 26. Rb1 Qc6 27. Bd2 Nd7 28. Ng3 Rxa4 29. Nxf5 exf5 30. e6 fxe6 31. Re2 Kf7 32. Rbe1 Nf8 33. Qf4 Rc4 34. Qe5 Kg8 35. Bf4 Rh4 36. Qb8 Qc8 37. Qd6 Rc6 38. Qb8 Qxb8 39. Bxb8 Rg4+ 40. Rg2 Rxg2+ 41. Kxg2 Rxc3 42. Bd6 Rc6 43. Be7 Nd7 0-1

[Event "Paul Keres mem (30th)"]
[Site "Vancouver CAN"]
[Date "2005.05.22"]
[Round "4.9"]
[White "Chan, James"]
[Black "Tegzes, Laszlo"]
[Result "0-1"]
[WhiteElo "1951"]
[BlackElo "2051"]
[PlyCount "112"]
[GameId "2160767910968278"]
[EventDate "2005.05.20"]
[EventType "swiss"]
[EventRounds "7"]
[EventCountry "CAN"]

1. e4 c5 2. Nf3 e6 3. d4 cxd4 4. Nxd4 Nf6 5. Bd3 Nc6 6. Nxc6 dxc6 7. e5 Qa5+ 8. Nc3 Qxe5+ 9. Be3 Bc5 10. O-O Bxe3 11. fxe3 Qxe3+ 12. Kh1 Bd7 13. Rf3 Qe5 14. Qg1 c5 15. Rf5 Qd4 16. Rxc5 Qxg1+ 17. Kxg1 Rc8 18. Rxc8+ Bxc8 19. Rd1 Ke7 20. Be2 Bd7 21. Bf3 b6 22. g4 h6 23. Kf2 Rc8 24. Ke3 Bc6 25. Bxc6 Rxc6 26. h3 Rc5 27. Rd2 Nd5+ 28. Nxd5+ Rxd5 29. Rf2 f6 30. c4 Re5+ 31. Kf3 h5 32. Rd2 h4 33. Rd3 g5 34. b4 a5 35. Rb3 axb4 36. Rxb4 Ra5 37. Rxb6 Rxa2 38. Rb7+ Kd6 39. Rb6+ Ke5 40. Rb5+ Kd4 41. Rb6 Ra3+ 42. Kg2 Re3 43. Rc6 f5 44. gxf5 exf5 45. Rc8 Rc3 46. c5 Rxc5 47. Rg8 f4 48. Kf2 Rc2+ 49. Kf3 Rc3+ 50. Kf2 Rg3 51. Rd8+ Ke5 52. Re8+ Kf6 53. Rf8+ Kg7 54. Rf5 Kg6 55. Rf8 Rxh3 56. Rg8+ Kf5 0-1

[Event "Paul Keres mem (30th)"]
[Site "Vancouver CAN"]
[Date "2005.05.22"]
[Round "4.10"]
[White "Yousefzadeh, Mehrdad"]
[Black "Jiang, Louie"]
[Result "1/2-1/2"]
[WhiteElo "1988"]
[BlackElo "1790"]
[PlyCount "97"]
[GameId "2160767910968279"]
[EventDate "2005.05.20"]
[EventType "swiss"]
[EventRounds "7"]
[EventCountry "CAN"]

1. d4 d5 2. c4 e6 3. Nc3 Nf6 4. Bg5 Nbd7 5. e3 c6 6. Nf3 Be7 7. Rc1 O-O 8. a3 h6 9. Bh4 Re8 10. Bd3 b6 11. cxd5 exd5 12. O-O Bb7 13. Qe2 Ne4 14. Bxe7 Nxc3 15. Bxd8 Nxe2+ 16. Bxe2 Raxd8 17. b4 g6 18. Rc2 Rc8 19. Rfc1 Kg7 20. Kf1 b5 21. Ne5 Nxe5 22. dxe5 Rxe5 23. Bxb5 d4 24. Bd3 dxe3 25. f4 Rce8 26. Ke2 Rd8 27. g3 Bc8 28. Bc4 Bf5 29. Rb2 Bg4+ 30. Ke1 Re7 31. Be2 Bxe2 32. Rxe2 Rd3 33. Ra2 e2 34. a4 Rb3 35. Rxe2 Rxe2+ 36. Kxe2 Rxb4 37. Rxc6 Rxa4 38. Kf3 a5 39. Ra6 Ra2 40. h3 a4 41. Kg4 Ra3 42. Kh4 Ra1 43. Kg4 a3 44. Kh4 a2 45. Kg4 h5+ 46. Kh4 f6 47. f5 Rf1 48. Rxa2 Rxf5 49. g4 1/2-1/2

[Event "Paul Keres mem (30th)"]
[Site "Vancouver CAN"]
[Date "2005.05.22"]
[Round "4.11"]
[White "Cameanii, Valerii"]
[Black "Pitre, Hanniegn"]
[Result "0-1"]
[WhiteElo "1500"]
[BlackElo "1987"]
[PlyCount "76"]
[GameId "2160767910968280"]
[EventDate "2005.05.20"]
[EventType "swiss"]
[EventRounds "7"]
[EventCountry "CAN"]

1. e4 d5 2. e5 c5 3. c3 Nc6 4. d4 Bf5 5. Nf3 e6 6. Bd3 Bg4 7. Nbd2 cxd4 8. cxd4 Qb6 9. Be2 Nh6 10. O-O Nf5 11. h3 Bxf3 12. Nxf3 Nfxd4 13. Nxd4 Nxd4 14. Be3 Nxe2+ 15. Qxe2 Bc5 16. Bxc5 Qxc5 17. Rac1 Qb6 18. Rc2 O-O 19. Rfc1 Rad8 20. Rc5 d4 21. Qb5 Qxb5 22. Rxb5 b6 23. Kf1 Rd7 24. Ke2 f6 25. f3 Rfd8 26. Kd3 Kf7 27. f4 h6 28. Rc4 g5 29. g3 gxf4 30. gxf4 Rg8 31. Rxd4 Rg3+ 32. Kc4 Rxd4+ 33. Kxd4 Rxh3 34. Ke4 f5+ 35. Kd4 Rf3 36. b3 h5 37. a4 h4 38. a5 h3 0-1

[Event "Paul Keres mem (30th)"]
[Site "Vancouver CAN"]
[Date "2005.05.22"]
[Round "4.12"]
[White "Lister, Curtis"]
[Black "Raymer, Evan"]
[Result "1-0"]
[WhiteElo "1936"]
[BlackElo "1651"]
[PlyCount "89"]
[GameId "2160767910968281"]
[EventDate "2005.05.20"]
[EventType "swiss"]
[EventRounds "7"]
[EventCountry "CAN"]

1. Nf3 d5 2. g3 c5 3. Bg2 e6 4. O-O Nf6 5. d3 b6 6. c4 Bb7 7. cxd5 exd5 8. d4 Be7 9. Nc3 Nbd7 10. Bf4 O-O 11. Nb5 Nh5 12. Bd2 a6 13. Nc3 f5 14. e3 Nhf6 15. Ng5 Re8 16. Ne6 Qc8 17. Nf4 cxd4 18. Ncxd5 dxe3 19. Bxe3 Nxd5 20. Nxd5 Bc5 21. Rc1 Qd8 22. Bf4 Kh8 23. Nc7 Bxg2 24. Kxg2 Re4 25. Nxa8 Qxa8 26. f3 Rd4 27. Qe2 h6 28. Rfe1 Qd5 29. a3 g5 30. Be5+ Nxe5 31. Qxe5+ Qxe5 32. Rxe5 Rd2+ 33. Kh3 Rxb2 34. Rxf5 Bxa3 35. Rc6 Kg7 36. Rff6 Bc5 37. Rg6+ Kf7 38. Rxh6 a5 39. Rh7+ Kg8 40. Ra7 Rb3 41. Rc8+ Bf8 42. Kg4 Rb4+ 43. Kxg5 Rb3 44. f4 Rb4 45. Kg6 1-0

[Event "Paul Keres mem (30th)"]
[Site "Vancouver CAN"]
[Date "2005.05.22"]
[Round "4.13"]
[White "Veszely, Frank"]
[Black "Gaulin, Richard"]
[Result "1-0"]
[WhiteElo "1922"]
[BlackElo "1475"]
[PlyCount "107"]
[GameId "2160767910968282"]
[EventDate "2005.05.20"]
[EventType "swiss"]
[EventRounds "7"]
[EventCountry "CAN"]

1. g3 Nf6 2. Bg2 Nc6 3. c4 e5 4. Nc3 Bc5 5. Nf3 O-O 6. O-O Re8 7. d3 Nd4 8. Bg5 c6 9. e3 Nxf3+ 10. Bxf3 h6 11. Bxf6 Qxf6 12. Ne4 Qe7 13. a3 Bb6 14. b4 d5 15. cxd5 cxd5 16. Nc3 d4 17. Nd5 Qd6 18. Re1 dxe3 19. fxe3 Bd7 20. Nxb6 Qxb6 21. Rc1 Rac8 22. Rc4 Be6 23. Rxc8 Rxc8 24. Qd2 Qa6 25. d4 exd4 26. exd4 Qxa3 27. Bxb7 Rc3 28. Qf4 Qa2 29. Qe5 Rc2 30. Qb8+ Kh7 31. Be4+ g6 32. Bxc2 Qxc2 33. Qe5 Bh3 34. Qe4 Qb2 35. d5 Bf5 36. Qf4 h5 37. d6 Qc2 38. Qd4 Bh3 39. Qf2 Qb3 40. Qxa7 Qd5 41. Qf2 Bc8 42. h4 Bb7 43. Kh2 Bc6 44. Rc1 Bb7 45. b5 Kg7 46. Rf1 Kf8 47. Qb2 Kg8 48. Re1 Kh7 49. Rf1 Kg8 50. Qe2 Kg7 51. Rd1 Qf5 52. d7 Bf3 53. Qb2+ Kh7 54. d8=Q 1-0

[Event "Paul Keres mem (30th)"]
[Site "Vancouver CAN"]
[Date "2005.05.22"]
[Round "4.14"]
[White "Collins, Casey"]
[Black "Kostin, Andrey"]
[Result "1/2-1/2"]
[WhiteElo "1716"]
[BlackElo "1974"]
[PlyCount "59"]
[GameId "2160767910968283"]
[EventDate "2005.05.20"]
[EventType "swiss"]
[EventRounds "7"]
[EventCountry "CAN"]

1. e4 e5 2. Nf3 Nc6 3. Bc4 Bc5 4. O-O Nf6 5. Ng5 O-O 6. Nxf7 Rxf7 7. Bxf7+ Kxf7 8. d3 d6 9. Be3 Bb6 10. Bxb6 axb6 11. f4 Kg8 12. f5 d5 13. Nd2 dxe4 14. dxe4 Qd4+ 15. Kh1 Nxe4 16. Nxe4 Qxe4 17. f6 gxf6 18. Rxf6 Bf5 19. Qh5 Bg6 20. Qh6 Ne7 21. Raf1 Nf5 22. Qg5 Rf8 23. Rxf8+ Kxf8 24. Qf6+ Ke8 25. Qe6+ Ne7 26. h3 Qe2 27. Qf6 e4 28. Qh8+ Kd7 29. Qd4+ Ke8 30. Qh8+ 1/2-1/2

[Event "Paul Keres mem (30th)"]
[Site "Vancouver CAN"]
[Date "2005.05.22"]
[Round "5"]
[White "Berry, Jonathan"]
[Black "Kaminski, Victor"]
[Result "1/2-1/2"]
[WhiteElo "2254"]
[BlackElo "2055"]
[PlyCount "57"]
[GameId "2160767910968284"]
[EventDate "2005.05.20"]
[EventType "swiss"]
[EventRounds "7"]
[EventCountry "CAN"]
[SourceTitle "CBM 106 Extra"]
[Source "ChessBase"]
[SourceDate "2005.07.01"]
[SourceVersion "1"]
[SourceVersionDate "2005.07.01"]
[SourceQuality "1"]

1. c4 c5 2. Nc3 Nc6 3. g3 g6 4. Bg2 Bg7 5. Nh3 e6 6. Nf4 Nge7 7. a3 O-O 8. Rb1 a5 9. d3 d6 10. Bd2 h6 11. h4 f5 12. Qc1 Kh7 13. b3 Qd7 14. Nb5 e5 15. Nd5 Nxd5 16. Bxd5 b6 17. b4 Bb7 18. bxc5 dxc5 19. Nc3 Qc7 20. h5 g5 21. g4 Ne7 22. gxf5 Nxd5 23. Nxd5 Bxd5 24. cxd5 Rxf5 25. Qc4 Raf8 26. Be3 Bf6 27. Kd2 Bd8 28. a4 Qd6 29. Qe4 1/2-1/2

[Event "Paul Keres mem (30th)"]
[Site "Vancouver CAN"]
[Date "2005.05.22"]
[Round "5.1"]
[White "Wu, Howard"]
[Black "Yoos, John"]
[Result "0-1"]
[WhiteElo "2160"]
[BlackElo "2417"]
[PlyCount "34"]
[GameId "2160767910968285"]
[EventDate "2005.05.20"]
[EventType "swiss"]
[EventRounds "7"]
[EventCountry "CAN"]

1. c4 e5 2. Nc3 Nc6 3. g3 g6 4. Bg2 d6 5. d3 Bg7 6. Nf3 h6 7. O-O Be6 8. Rb1 Qd7 9. b4 Nge7 10. b5 Nd8 11. e4 Bg4 12. Be3 f5 13. Qd2 Bxf3 14. Bxf3 f4 15. gxf4 exf4 16. Bxf4 O-O 17. Bg2 Bxc3 0-1

[Event "Paul Keres mem (30th)"]
[Site "Vancouver CAN"]
[Date "2005.05.22"]
[Round "5.3"]
[White "Quilter, Thomas"]
[Black "Ingram, Richard"]
[Result "1-0"]
[WhiteElo "2190"]
[BlackElo "2088"]
[PlyCount "83"]
[GameId "2160767910968286"]
[EventDate "2005.05.20"]
[EventType "swiss"]
[EventRounds "7"]
[EventCountry "CAN"]

1. e4 c5 2. Nc3 Nc6 3. Nf3 g6 4. d4 cxd4 5. Nxd4 Bg7 6. Be3 Nf6 7. Nxc6 bxc6 8. e5 Nd5 9. Nxd5 cxd5 10. Qxd5 Rb8 11. Bc4 O-O 12. O-O d6 13. Bb3 Bxe5 14. Bxa7 e6 15. Qd2 Ra8 16. Bd4 Bxd4 17. Qxd4 Bb7 18. Rad1 Qg5 19. f3 Rad8 20. Qb6 Rb8 21. Qf2 d5 22. Rd4 h5 23. Re1 e5 24. f4 exf4 25. Qxf4 Qd8 26. h3 Qb6 27. Kh2 Rbe8 28. Rxe8 Rxe8 29. Rb4 Qa6 30. Qc7 Re2 31. Bxd5 Bxd5 32. Qd8+ Kg7 33. Qxd5 Rxc2 34. Qe5+ Kh7 35. Rb8 Rc8 36. Rxc8 Qxc8 37. a4 Qa6 38. Qf4 Qe6 39. b4 Qd7 40. b5 Qb7 41. Qe5 Qa7 42. Qd6 1-0

[Event "Paul Keres mem (30th)"]
[Site "Vancouver CAN"]
[Date "2005.05.22"]
[Round "5.4"]
[White "Afrah, Navid"]
[Black "Meng, Fanhao"]
[Result "0-1"]
[WhiteElo "2100"]
[BlackElo "2255"]
[PlyCount "102"]
[GameId "2160767910968287"]
[EventDate "2005.05.20"]
[EventType "swiss"]
[EventRounds "7"]
[EventCountry "CAN"]

1. e4 e5 2. Nf3 Nc6 3. Bb5 a6 4. Ba4 Nf6 5. d4 exd4 6. e5 Ne4 7. Nxd4 Nxf2 8. Kxf2 Qh4+ 9. g3 Qxd4+ 10. Qxd4 Nxd4 11. Nc3 b5 12. Be3 Ne6 13. Bb3 Bb7 14. Rhf1 Bc5 15. Rad1 Bxe3+ 16. Kxe3 Rd8 17. a4 Bc6 18. axb5 axb5 19. Ra1 O-O 20. Ra7 Rfe8 21. Kd2 Re7 22. Kc1 Nd4 23. Ba2 b4 24. Nd5 Bxd5 25. Bxd5 c6 26. Bc4 g6 27. Rb7 Nf5 28. Rxb4 Ne3 29. Re1 Rxe5 30. Bb3 Rde8 31. Rb7 R8e7 32. Ba4 Ng4 33. Rd1 Nf2 34. Rdxd7 Rxd7 35. Rxd7 Re1+ 36. Kd2 Rd1+ 37. Ke2 Rxd7 38. Kxf2 Rd6 39. c4 c5 40. Ke3 Kf8 41. Bc2 Ke7 42. b3 Ke6 43. Be4 Ke5 44. Bf3 f5 45. h4 Rd4 46. h5 g5 47. Bc6 Rd6 48. Be8 f4+ 49. gxf4+ gxf4+ 50. Ke2 Ke4 51. b4 f3+ 0-1

[Event "Paul Keres mem (30th)"]
[Site "Vancouver CAN"]
[Date "2005.05.22"]
[Round "5.5"]
[White "Niksic, John"]
[Black "Davies, Lucas"]
[Result "0-1"]
[WhiteElo "2059"]
[BlackElo "2157"]
[PlyCount "64"]
[GameId "2160767910968288"]
[EventDate "2005.05.20"]
[EventType "swiss"]
[EventRounds "7"]
[EventCountry "CAN"]

1. Nf3 Nf6 2. d4 g6 3. g3 Bg7 4. c4 d6 5. Bg2 O-O 6. Nc3 c5 7. d5 Nbd7 8. O-O Rb8 9. a4 Ne8 10. e4 b6 11. Re1 a6 12. Bf1 Nc7 13. Nd2 e5 14. f4 exf4 15. gxf4 f5 16. Nf3 fxe4 17. Nxe4 Nf6 18. Ng3 b5 19. axb5 axb5 20. Ra7 bxc4 21. Bxc4 Ng4 22. Ne5 Bxe5 23. Rxe5 dxe5 24. Rxc7 Kh8 25. Rxc8 Qxc8 26. b3 h5 27. fxe5 Qd8 28. Qd2 Rf2 29. Qg5 Qa5 30. Qxg6 Qe1+ 31. Nf1 Rxf1+ 32. Bxf1 Qf2+ 0-1

[Event "Paul Keres mem (30th)"]
[Site "Vancouver CAN"]
[Date "2005.05.22"]
[Round "5.6"]
[White "Yearwood, Roy"]
[Black "Tegzes, Laszlo"]
[Result "0-1"]
[WhiteElo "2095"]
[BlackElo "2051"]
[PlyCount "48"]
[GameId "2160767910968289"]
[EventDate "2005.05.20"]
[EventType "swiss"]
[EventRounds "7"]
[EventCountry "CAN"]

1. e4 c5 2. Nf3 e6 3. Bc4 Nc6 4. O-O d6 5. Re1 Be7 6. c3 Nf6 7. Bb3 O-O 8. d4 cxd4 9. cxd4 d5 10. e5 Nd7 11. Nc3 a6 12. Bc2 Re8 13. a3 Nf8 14. b4 Bd7 15. Qd3 Rc8 16. Bd2 Na7 17. Re3 Ng6 18. h4 Bxh4 19. Nxh4 Qxh4 20. Rh3 Qg4 21. Rc1 Nb5 22. f4 Nxc3 23. Bxc3 Nxf4 24. Qxh7+ Kf8 0-1

[Event "Paul Keres mem (30th)"]
[Site "Vancouver CAN"]
[Date "2005.05.22"]
[Round "5.7"]
[White "Lane, Travis"]
[Black "Orlov, Georgi"]
[Result "0-1"]
[WhiteElo "1989"]
[BlackElo "2612"]
[PlyCount "66"]
[GameId "2160767910968290"]
[EventDate "2005.05.20"]
[EventType "swiss"]
[EventRounds "7"]
[EventCountry "CAN"]

1. e4 d6 2. Nc3 g6 3. g3 Bg7 4. Bg2 Nf6 5. Nge2 O-O 6. O-O c5 7. d4 cxd4 8. Nxd4 Nc6 9. h3 Nxd4 10. Qxd4 Be6 11. Qd1 Qd7 12. Kh2 Rac8 13. Be3 b5 14. Bd4 Bc4 15. Re1 e5 16. Be3 b4 17. Nd5 Nxd5 18. exd5 f5 19. b3 Bb5 20. Rc1 a5 21. Qd2 f4 22. gxf4 exf4 23. Bd4 f3 24. Bxg7 Qxg7 25. a4 Be2 26. Rxe2 fxe2 27. Qxe2 Rce8 28. Qd2 Qe5+ 29. Kg1 Qe2 30. Qd4 Re5 31. c4 Ref5 32. Rf1 Rg5 33. Qd1 Rxf2 0-1

[Event "Paul Keres mem (30th)"]
[Site "Vancouver CAN"]
[Date "2005.05.22"]
[Round "5.8"]
[White "Pitre, Hanniegn"]
[Black "McLaren, Brian"]
[Result "1-0"]
[WhiteElo "1987"]
[BlackElo "2246"]
[PlyCount "43"]
[GameId "2160767910968291"]
[EventDate "2005.05.20"]
[EventType "swiss"]
[EventRounds "7"]
[EventCountry "CAN"]

1. e4 Nf6 2. Nc3 d5 3. e5 d4 4. exf6 dxc3 5. bxc3 gxf6 6. Qf3 Nd7 7. d4 c5 8. Bd2 Qb6 9. Rd1 e6 10. Ne2 f5 11. Nf4 Nf6 12. Nh5 Nxh5 13. Qxh5 Bd7 14. Bg5 h6 15. Bf6 Rg8 16. h4 Rg6 17. Be5 Qa5 18. Rh3 O-O-O 19. Bc4 cxd4 20. Bxd4 Bc6 21. Re3 Be4 22. Rxe4 1-0

[Event "Paul Keres mem (30th)"]
[Site "Vancouver CAN"]
[Date "2005.05.22"]
[Round "5.9"]
[White "Lister, Curtis"]
[Black "Hughey, Micah"]
[Result "0-1"]
[WhiteElo "1936"]
[BlackElo "2057"]
[PlyCount "36"]
[GameId "2160767910968292"]
[EventDate "2005.05.20"]
[EventType "swiss"]
[EventRounds "7"]
[EventCountry "CAN"]

1. e4 e5 2. Nf3 Nc6 3. Nc3 Nf6 4. Bc4 Nxe4 5. Bxf7+ Kxf7 6. Nxe4 d5 7. Neg5+ Kg8 8. d3 h6 9. Nh3 g5 10. g4 Bxg4 11. Rg1 Qd7 12. Nhxg5 hxg5 13. Bxg5 Bg7 14. Qe2 Nd4 15. Nxe5 Nxe2 16. Nxd7 Nxg1 17. f4 Bxd7 18. Kf1 Nf3 0-1

[Event "Paul Keres mem (30th)"]
[Site "Vancouver CAN"]
[Date "2005.05.22"]
[Round "5.10"]
[White "Veszely, Frank"]
[Black "Schuetzhold, Ralf"]
[Result "0-1"]
[WhiteElo "1922"]
[BlackElo "2016"]
[PlyCount "77"]
[GameId "2160767910968293"]
[EventDate "2005.05.20"]
[EventType "swiss"]
[EventRounds "7"]
[EventCountry "CAN"]

1. e4 c6 2. d4 d5 3. e5 Bf5 4. Nc3 e6 5. Nge2 c5 6. Nf4 h6 7. Bb5+ Nc6 8. Be3 c4 9. g4 Bh7 10. a3 Nge7 11. Qe2 a6 12. Bxc6+ Nxc6 13. O-O Be7 14. Nh5 O-O 15. f4 f5 16. h3 Kh8 17. Qg2 g5 18. Rae1 Rg8 19. Kh2 Bg6 20. Ng3 fxg4 21. f5 exf5 22. Nxf5 Bxf5 23. Rxf5 Qd7 24. hxg4 Rad8 25. Qh3 Kh7 26. Ne2 Rdf8 27. Ref1 Qe6 28. Rxf8 Rxf8 29. Rxf8 Bxf8 30. Bxg5 Qg6 31. Bc1 Qxc2 32. Qe3 Nxd4 33. Bd2 Qxd2 34. Qxd4 Qxe2+ 35. Kg3 Qd3+ 36. Qxd3+ cxd3 37. Kf3 Bc5 38. e6 Kg6 39. e7 0-1

[Event "Paul Keres mem (30th)"]
[Site "Vancouver CAN"]
[Date "2005.05.22"]
[Round "5.11"]
[White "Burke, Paul"]
[Black "Krzyzowski, Ernest"]
[Result "1-0"]
[WhiteElo "1991"]
[BlackElo "1653"]
[PlyCount "49"]
[GameId "2160767910968294"]
[EventDate "2005.05.20"]
[EventType "swiss"]
[EventRounds "7"]
[EventCountry "CAN"]

1. e4 Nf6 2. Nc3 d5 3. exd5 Nxd5 4. Nf3 Bg4 5. h3 Bh5 6. Be2 e6 7. d4 Nxc3 8. bxc3 c5 9. O-O Nc6 10. Be3 Be7 11. dxc5 O-O 12. Nd4 Bxe2 13. Qxe2 a6 14. Nxc6 bxc6 15. Rab1 Qa5 16. Qc4 Rfd8 17. Rb6 Rdc8 18. Bd4 Bd8 19. Rb7 Rcb8 20. Rfb1 Rxb7 21. Rxb7 Qa3 22. Rb1 Qa5 23. a4 Qc7 24. Qb3 Qf4 25. Qb7 1-0

[Event "Paul Keres mem (30th)"]
[Site "Vancouver CAN"]
[Date "2005.05.22"]
[Round "5.12"]
[White "Chan, James"]
[Black "Davies, Noam"]
[Result "0-1"]
[WhiteElo "1951"]
[BlackElo "1994"]
[PlyCount "48"]
[GameId "2160767910968295"]
[EventDate "2005.05.20"]
[EventType "swiss"]
[EventRounds "7"]
[EventCountry "CAN"]

1. e4 c5 2. Nf3 e6 3. d4 cxd4 4. Nxd4 a6 5. g3 Qc7 6. Bg2 b5 7. O-O Bb7 8. Re1 d6 9. Nc3 Nf6 10. Bg5 Nbd7 11. Nd5 exd5 12. exd5+ Ne5 13. Bxf6 gxf6 14. f4 O-O-O 15. fxe5 dxe5 16. Nb3 Qc4 17. Qh5 Bc5+ 18. Nxc5 Qxc5+ 19. Kh1 Bxd5 20. Qf5+ Kb7 21. Qxf6 Bxg2+ 22. Kxg2 Rd2+ 23. Kh3 Qc8+ 24. g4 h5 0-1

[Event "Paul Keres mem (30th)"]
[Site "Vancouver CAN"]
[Date "2005.05.22"]
[Round "5.13"]
[White "Yousefzadeh, Mehrdad"]
[Black "Long, Hugh"]
[Result "1-0"]
[WhiteElo "1988"]
[BlackElo "1761"]
[PlyCount "122"]
[GameId "2160767910968296"]
[EventDate "2005.05.20"]
[EventType "swiss"]
[EventRounds "7"]
[EventCountry "CAN"]

1. d4 d5 2. c4 e6 3. Nc3 Bb4 4. a3 Bxc3+ 5. bxc3 Nf6 6. Nf3 b6 7. cxd5 Qxd5 8. e3 O-O 9. c4 Qd8 10. Be2 Bb7 11. O-O Nbd7 12. a4 c5 13. Bb2 Rc8 14. Qb3 Ne4 15. Rfd1 Qc7 16. a5 bxa5 17. Qb5 Rb8 18. Qxa5 Qxa5 19. Rxa5 Nxf2 20. Kxf2 Bxf3 21. Kxf3 Rxb2 22. Rxa7 Nf6 23. dxc5 g5 24. h3 Rc8 25. Ra5 h5 26. Rb5 g4+ 27. Kf2 Ne4+ 28. Ke1 Rxe2+ 29. Kxe2 Nc3+ 30. Kd2 Nxb5 31. cxb5 Rxc5 32. Rb1 Rc8 33. b6 Rb8 34. b7 Kf8 35. hxg4 hxg4 36. Kd3 Ke7 37. Ke4 Kd6 38. Kf4 g3 39. Kxg3 Kc6 40. Kf4 Rxb7 41. Rxb7 Kxb7 42. Ke5 Kc6 43. Kf6 Kd5 44. Kxf7 Ke4 45. g4 Kxe3 46. g5 e5 47. g6 Kf2 48. g7 e4 49. g8=Q e3 50. Qg4 e2 51. Qf4+ Kg1 52. Qe3+ Kf1 53. Qf3+ Ke1 54. Ke6 Kd2 55. Qf4+ Kd1 56. Qd4+ Kc2 57. Qe3 Kd1 58. Qd3+ Ke1 59. Kf5 Kf2 60. Qd2 Kf1 61. Qf4+ Kg1 1-0

[Event "Paul Keres mem (30th)"]
[Site "Vancouver CAN"]
[Date "2005.05.22"]
[Round "5.14"]
[White "Jiang, Louie"]
[Black "Mandic, Slaven"]
[Result "1/2-1/2"]
[WhiteElo "1790"]
[BlackElo "1978"]
[PlyCount "81"]
[GameId "2160767910968297"]
[EventDate "2005.05.20"]
[EventType "swiss"]
[EventRounds "7"]
[EventCountry "CAN"]

1. e4 d6 2. d4 Nf6 3. Nc3 g6 4. Be3 c6 5. Qd2 b5 6. a3 Nbd7 7. Nf3 Qc7 8. Bd3 e5 9. O-O h6 10. Rfe1 a6 11. b3 Ng4 12. Na2 Nxe3 13. Qxe3 Bg7 14. dxe5 Nxe5 15. Nxe5 Bxe5 16. Rad1 Bg7 17. Bf1 O-O 18. Nc1 Bb7 19. Ne2 Rfe8 20. Qd3 Rad8 21. f4 c5 22. Ng3 d5 23. e5 c4 24. Qd4 a5 25. b4 Bc8 26. Qf2 Bg4 27. Be2 Bxe2 28. Rxe2 axb4 29. axb4 c3 30. Qd4 Qc4 31. Re3 Bf8 32. Rxc3 Qxb4 33. Qxb4 Bxb4 34. Rcd3 Rc8 35. Rxd5 Rxc2 36. Rxb5 Bc5+ 37. Kh1 Kg7 38. Rbb1 Be3 39. f5 Rxe5 40. fxg6 Kxg6 41. Re1 1/2-1/2

[Event "Paul Keres mem (30th)"]
[Site "Vancouver CAN"]
[Date "2005.05.22"]
[Round "5.15"]
[White "Cameanii, Valerii"]
[Black "Kostin, Andrey"]
[Result "1-0"]
[WhiteElo "1500"]
[BlackElo "1974"]
[PlyCount "89"]
[GameId "2160767910968298"]
[EventDate "2005.05.20"]
[EventType "swiss"]
[EventRounds "7"]
[EventCountry "CAN"]

1. e4 e5 2. Nf3 Nc6 3. c3 d5 4. exd5 Qxd5 5. c4 Qd8 6. d3 Nf6 7. Be2 Bc5 8. O-O O-O 9. Nc3 h6 10. a3 a5 11. Be3 Qe7 12. Qc2 Bf5 13. Nd5 Nxd5 14. cxd5 Nd4 15. Nxd4 exd4 16. Bf4 b6 17. Bf3 Rad8 18. Rfe1 Qd7 19. Qc4 Bg4 20. Be4 Kh8 21. h3 f5 22. hxg4 fxe4 23. Rxe4 Qxd5 24. Qxd5 Rxd5 25. Bxc7 Rf7 26. Bg3 Be7 27. Rae1 Bf6 28. Be5 Rb5 29. R1e2 Bxe5 30. Rxe5 Rb3 31. Rd2 Rc7 32. f4 Kg8 33. Kf2 b5 34. Kf3 Rc1 35. Ree2 b4 36. axb4 Rxb4 37. Rc2 Rd1 38. Ke4 Rb3 39. Rcd2 Rxd2 40. Rxd2 Rb4 41. Kd5 Kf7 42. Kc5 Kg6 43. Re2 h5 44. Re6+ Kf7 45. Rb6 1-0

[Event "Paul Keres mem (30th)"]
[Site "Vancouver CAN"]
[Date "2005.05.22"]
[Round "5.16"]
[White "Sullivan, Brian"]
[Black "Raymer, Evan"]
[Result "1-0"]
[WhiteElo "1706"]
[BlackElo "1651"]
[PlyCount "77"]
[GameId "2160767910968299"]
[EventDate "2005.05.20"]
[EventType "swiss"]
[EventRounds "7"]
[EventCountry "CAN"]

1. e4 c5 2. Nf3 d6 3. d4 cxd4 4. Nxd4 Nf6 5. Nc3 a6 6. a4 e6 7. a5 Nc6 8. Nxc6 bxc6 9. Bd3 d5 10. exd5 exd5 11. O-O Bd6 12. h3 O-O 13. Bg5 Bc7 14. Qf3 Qd6 15. Qg3 Qxg3 16. fxg3 Be5 17. Bf4 Bd4+ 18. Kh2 Bxc3 19. bxc3 Re8 20. Rab1 c5 21. c4 d4 22. g4 Be6 23. g5 Nd7 24. Rb7 Rac8 25. Re1 g6 26. Rxe6 fxe6 27. Rxd7 e5 28. Bg3 e4 29. Be2 Rcd8 30. Rd5 Rxd5 31. cxd5 Kf7 32. d6 Rc8 33. Bxa6 Ra8 34. Bc4+ Kg7 35. a6 Ra7 36. Bb5 Kf8 37. d7 Ke7 38. Be5 Rxd7 39. Bxd7 1-0

[Event "Paul Keres mem (30th)"]
[Site "Vancouver CAN"]
[Date "2005.05.22"]
[Round "5.17"]
[White "Gaulin, Richard"]
[Black "Collins, Casey"]
[Result "0-1"]
[WhiteElo "1475"]
[BlackElo "1716"]
[PlyCount "86"]
[GameId "2160767910968300"]
[EventDate "2005.05.20"]
[EventType "swiss"]
[EventRounds "7"]
[EventCountry "CAN"]

1. d4 Nf6 2. c4 Nc6 3. Nc3 e5 4. d5 Ne7 5. e4 Ng6 6. a3 Be7 7. Be2 O-O 8. Be3 d6 9. f3 Nh4 10. Bf1 h6 11. g3 Ng6 12. Qd2 Nh7 13. Nge2 f5 14. O-O-O Ng5 15. Bg2 fxe4 16. fxe4 Bg4 17. Rdf1 Rxf1+ 18. Rxf1 Qd7 19. Ng1 Rf8 20. Qe1 a6 21. h4 Nf7 22. Bd2 Nd8 23. Rxf8+ Nxf8 24. Qf1 Qe8 25. Nd1 Qg6 26. Ne3 Bc8 27. Ne2 c6 28. Qf3 h5 29. Nc3 Nf7 30. Bf1 Nh6 31. Bd3 c5 32. Kc2 Bd7 33. b4 b6 34. bxc5 bxc5 35. a4 Qe8 36. a5 Bd8 37. Ne2 Bg4 38. Qf2 Qa4+ 39. Kc1 Bxa5 40. Bxa5 Qxa5 41. Nf5 Nxf5 42. exf5 Nd7 43. Qe3 Nf6 0-1